00668nai a2200169Ia 4500003000900000008004100009022002200050022002300072040001600095245005300111260008600164310001300250362003000263521006900293650004600362856009000408IN-BaIIA211028c9999 xx s 000 0 eng d a0097-6601 (Print) a2168-1716 (Online) cIIA Library 0aIEEE Transactions on Component Partsh[eJournal] aNew York, USAbThe Institute of Electrical and Electronics Engineers, Inc. (IEEE) aAnnually a10(1); 1963 - 12(1); 1965 bSubscribed through National Knowledge Resource Consortium (NKRC) aComponents, Circuits, Devices and Systems uhttps://ieeexplore.ieee.org/servlet/opac?punumber=8216yClick Here to Access eJournal